[Event "Zlin Region-chT 2223"]
[Site "Czech Republic"]
[Date "2023.02.26"]
[Round "9.2"]
[White "Hodovsky, Jiri"]
[Black "Vraj, Ondrej"]
[Result "1/2-1/2"]
[WhiteElo "2018"]
[BlackElo "1985"]
[PlyCount "75"]
[EventDate "2022.10.09"]
[EventType "team-tourn"]
[EventRounds "11"]
[EventCountry "CZE"]
[SourceTitle "EXT 2024"]
[Source "ChessBase"]
[SourceDate "2023.10.10"]
[SourceVersion "1"]
[SourceVersionDate "2023.10.10"]
[SourceQuality "1"]
[WhiteTeam "Zlin II"]
[BlackTeam "Usti Sokol"]
[WhiteTeamCountry "CZE"]
[BlackTeamCountry "CZE"]

1. d4 d5 2. Nf3 Nf6 3. c4 e6 4. Nc3 Be7 5. cxd5 exd5 6. Bf4 c6 7. e3 Bg4 8. h3 Bh5 9. Bd3 0-0 10. Qc2 a5 11. Ne5 Na6 12. a3 Bg6 13. Nxg6 hxg6 14. 0-0 Re8 15. Rfd1 Bd6 16. Bxd6 Qxd6 17. e4 dxe4 18. Nxe4 Nxe4 19. Bxe4 Nc7 20. Bf3 Nd5 21. Qc5 Qd7 22. Bxd5 cxd5 23. Re1 Rec8 24. Qe7 Qb5 25. Qe2 Qa4 26. Qd3 Qd7 27. Re5 Re8 28. Rae1 Rxe5 29. Rxe5 Re8 30. Rxe8+ Qxe8 31. Qc3 b6 32. b4 axb4 33. Qxb4 Qc6 34. g3 g5 35. Kg2 Qe6 36. Qb2 Qe4+ 37. Kh2 Qe6 38. Kg2 1/2-1/2

[Event "Zlin Region-chT 2223"]
[Site "Czech Republic"]
[Date "2022.11.13"]
[Round "3.3"]
[White "Jasny, Igor"]
[Black "Hodovsky, Jiri"]
[Result "0-1"]
[WhiteElo "1913"]
[BlackElo "2018"]
[PlyCount "156"]
[EventDate "2022.10.09"]
[EventType "team-tourn"]
[EventRounds "11"]
[EventCountry "CZE"]
[SourceTitle "EXT 2024"]
[Source "ChessBase"]
[SourceDate "2023.10.10"]
[SourceVersion "1"]
[SourceVersionDate "2023.10.10"]
[SourceQuality "1"]
[WhiteTeam "Valasska Bystrice Sokol"]
[BlackTeam "Zlin II"]
[WhiteTeamCountry "CZE"]
[BlackTeamCountry "CZE"]

1. e4 e6 2. d4 d5 3. e5 c5 4. c3 Nc6 5. Nf3 Qb6 6. Qb3 Qxb3 7. axb3 cxd4 8. cxd4 f6 9. exf6 gxf6 10. Nc3 Bd7 11. Be3 Rc8 12. Bd3 Bd6 13. Nd2 Nge7 14. f4 Kf7 15. 0-0 a6 16. Nf3 h5 17. Ne5+ Ke8 18. Nf3 Bb8 19. Na4 Nb4 20. Bb1 Nc2 21. Bxc2 Rxc2 22. Rac1 Rxc1 23. Rxc1 Nf5 24. Kf2 Kf7 25. Nc5 Bc8 26. g3 Re8 27. Rc3 Nd6 28. Rc1 Re7 29. Nd2 Rc7 30. Nd3 Rxc1 31. Nxc1 Bd7 32. Ne2 Bb5 33. Nc3 Bd3 34. Nf3 Bc2 35. Nd2 Bc7 36. Ke2 Bf5 37. Na4 Ba5 38. Kd1 Bg4+ 39. Kc1 Nf5 40. Bg1 h4 41. Bf2 h3 42. Nc5 Nd6 43. Nd3 Kg6 44. b4 Bb6 45. Nc5 Kf5 46. Nf1 Bxc5 47. bxc5 Ne8 48. Ne3+ Ke4 49. Kd2 Kf3 50. Nxg4 Kxg4 51. Ke3 f5 52. Be1 Nf6 53. Bf2 Kh5 54. Kf3 Kg6 55. Ke2 Kf7 56. Kd3 Ke8 57. Kc2 Kd7 58. Kb3 Ne4 59. Be1 Kc6 60. Kb4 b6 61. cxb6 Kxb6 62. Ka4 Nf6 63. Bf2 Ne8 64. Be1 Nd6 65. Ba5+ Kc6 66. Bd2 Nc4 67. Bc1 Kb6 68. b3 Nd6 69. Bd2 Nb5 70. Kb4 Na7 71. Ka4 Nc6 72. b4 Nb8 73. Bc1 Nd7 74. Be3 Nf6 75. Bf2 Ne4 76. Be1 Nd6 77. Bd2 Nc4 78. Bc1 Kc6 0-1

[Event "CZE-chT2E 1920"]
[Site "Czech Republic"]
[Date "2019.11.17"]
[Round "3.7"]
[White "Straka, Vojtech1111"]
[Black "Hodovsky, Jiri"]
[Result "1-0"]
[WhiteElo "1980"]
[BlackElo "2059"]
[PlyCount "75"]
[EventDate "2019.10.13"]
[EventType "team-tourn"]
[EventRounds "11"]
[EventCountry "CZE"]
[SourceTitle "EXT 2024"]
[Source "ChessBase"]
[SourceDate "2023.10.10"]
[SourceVersion "1"]
[SourceVersionDate "2023.10.10"]
[SourceQuality "1"]
[WhiteTeam "Brno Lokomotiva"]
[BlackTeam "Zlin"]
[WhiteTeamCountry "CZE"]
[BlackTeamCountry "CZE"]

1. d4 Nf6 2. c4 d6 3. Nc3 e5 4. dxe5 dxe5 5. Qxd8+ Kxd8 6. Bg5 Be6 7. Nf3 Nbd7 8. 0-0-0 Kc8 9. e3 c6 10. Bh4 Bb4 11. Nb1 Bf5 12. Bg3 Re8 13. Ng5 Re7 14. a3 Ba5 15. Bd3 Bxd3 16. Rxd3 h6 17. Nh3 Bc7 18. Rdd1 a5 19. Nc3 Nc5 20. Kc2 a4 21. f3 e4 22. Bf2 g5 23. f4 g4 24. Bh4 gxh3 25. Bxf6 hxg2 26. Rhg1 Rd7 27. Bd4 Ne6 28. Rxg2 Nxd4+ 29. Rxd4 Rxd4 30. exd4 Kd7 31. Nxe4 Ra5 32. Nc5+ Ke7 33. Re2+ Kf6 34. Nxb7 Rh5 35. Nc5 Bxf4 36. Nxa4 Bxh2 37. Nc5 Bg1 38. Ne4+ 1-0

[Event "CZE-chT2E 1819"]
[Site "Czech Republic"]
[Date "2019.03.17"]
[Round "10.6"]
[White "Hrabal, Matej"]
[Black "Hodovsky, Jiri"]
[Result "0-1"]
[WhiteElo "1797"]
[BlackElo "2127"]
[PlyCount "82"]
[EventDate "2018.10.14"]
[EventType "team-tourn"]
[EventRounds "11"]
[EventCountry "CZE"]
[SourceTitle "EXT 2022"]
[Source "ChessBase"]
[SourceDate "2021.10.06"]
[SourceVersion "1"]
[SourceVersionDate "2021.10.06"]
[SourceQuality "1"]
[WhiteTeam "Prostejov"]
[BlackTeam "Zlin"]
[WhiteTeamCountry "CZE"]
[BlackTeamCountry "CZE"]

1. e4 e6 2. d4 d5 3. Nc3 Bb4 4. a3 Bxc3+ 5. bxc3 c5 6. e5 Ne7 7. Bd3 Nbc6 8. Qg4 Qc7 9. Nf3 c4 10. Qxg7 Rg8 11. Qxh7 cxd3 12. Ng5 Nxe5 13. 0-0 f6 14. Qh5+ N5g6 15. Nh7 Rh8 16. Nxf6+ Kd8 17. Nh7 Nf8 18. Qh6 Rxh7 19. Qxf8+ Kd7 20. Bf4 Qd8 21. Qxd8+ Kxd8 22. cxd3 b6 23. Rfe1 Rf7 24. Bg5 Kd7 25. Re5 Rf5 26. Bxe7 Rxe5 27. dxe5 Kxe7 28. Kf1 Bb7 29. d4 Ba6+ 30. Kg1 Rc8 31. Rc1 Bd3 32. f3 Rc4 33. Kf2 Ra4 34. Ra1 b5 35. Ke3 Bg6 36. Kd2 a5 37. Kc1 b4 38. Kb2 bxc3+ 39. Kxc3 Rc4+ 40. Kb3 a4+ 41. Kb2 Rc2+ 0-1

[Event "Lisbon Portugal op"]
[Site "Lisbon"]
[Date "2019.02.07"]
[Round "6"]
[White "Hodovsky, Jiri"]
[Black "Bartel, Michal"]
[Result "0-1"]
[WhiteElo "2094"]
[BlackElo "2306"]
[PlyCount "66"]
[EventDate "2019.02.02"]
[EventType "swiss"]
[EventRounds "9"]
[EventCountry "POR"]
[SourceTitle "CBM 188 Extra"]
[Source "ChessBase"]
[SourceDate "2019.02.26"]
[SourceVersion "1"]
[SourceVersionDate "2019.02.26"]
[SourceQuality "1"]

1. d4 Nf6 2. Nf3 c5 3. g3 cxd4 4. Nxd4 e5 5. Nb3 d5 6. Bg2 Nc6 7. 0-0 Be6 8. Bg5 Be7 9. Nc3 d4 10. Bxf6 gxf6 11. Ne4 Qb6 12. c3 f5 13. Ned2 dxc3 14. bxc3 0-0 15. Nf3 Rfd8 16. Qc1 Kg7 17. Ng5 Bc4 18. Re1 h6 19. Nh3 Be6 20. e4 fxe4 21. Rxe4 Rd7 22. Qe3 Qxe3 23. Rxe3 a5 24. Rae1 a4 25. Nc1 Rad8 26. Bf1 Rd2 27. Kg2 Bc5 28. Rd3 f6 29. Rxd2 Rxd2 30. Nd3 Be7 31. Rb1 Bf5 32. Rb2 Be4+ 33. Kg1 Rd1 0-1

[Event "Lisbon Portugal op"]
[Site "Lisbon"]
[Date "2019.02.04"]
[Round "4"]
[White "Hodovsky, Jiri"]
[Black "Haisma, Henk"]
[Result "1-0"]
[WhiteElo "2094"]
[BlackElo "1727"]
[PlyCount "59"]
[EventDate "2019.02.02"]
[EventType "swiss"]
[EventRounds "9"]
[EventCountry "POR"]
[SourceTitle "CBM 188 Extra"]
[Source "ChessBase"]
[SourceDate "2019.02.26"]
[SourceVersion "1"]
[SourceVersionDate "2019.02.26"]
[SourceQuality "1"]

1. e4 c5 2. c3 d5 3. exd5 Qxd5 4. d4 cxd4 5. cxd4 Nf6 6. Nc3 Qd8 7. Bc4 e6 8. Nf3 Bb4 9. 0-0 0-0 10. Bg5 h6 11. Bh4 g5 12. Bg3 Bxc3 13. bxc3 Ne4 14. Qc2 Nxg3 15. fxg3 Nc6 16. Rae1 Qc7 17. Bb3 Na5 18. Ne5 Nxb3 19. axb3 Kg7 20. Rxf7+ Rxf7 21. Qg6+ Kf8 22. Nxf7 Qxc3 23. Rf1 Qe3+ 24. Kh1 Qe2 25. Qxh6+ Ke8 26. Qh8+ Kd7 27. Qd8+ Kc6 28. Qd6+ Kb5 29. Qc5+ Ka6 30. Ra1+ 1-0

[Event "CZE-chT2E 1819"]
[Site "Czech Republic"]
[Date "2019.01.27"]
[Round "7.2"]
[White "Hodovsky, Jiri"]
[Black "Veres, Andrej"]
[Result "0-1"]
[WhiteElo "2127"]
[BlackElo "2216"]
[PlyCount "54"]
[EventDate "2018.10.14"]
[EventType "team-tourn"]
[EventRounds "11"]
[EventCountry "CZE"]
[SourceTitle "EXT 2022"]
[Source "ChessBase"]
[SourceDate "2021.10.06"]
[SourceVersion "1"]
[SourceVersionDate "2021.10.06"]
[SourceQuality "1"]
[WhiteTeam "Zlin"]
[BlackTeam "Vsetin"]
[WhiteTeamCountry "CZE"]
[BlackTeamCountry "CZE"]

1. Nf3 Nf6 2. d4 e6 3. g3 b6 4. Bg2 Bb7 5. 0-0 Be7 6. c4 0-0 7. d5 exd5 8. Nh4 c6 9. Nf5 dxc4 10. e4 d5 11. e5 Ne8 12. Qg4 Kh8 13. Nxe7 Qxe7 14. Nc3 Nd7 15. f4 f6 16. Qh4 Qc5+ 17. Kh1 fxe5 18. fxe5 Rxf1+ 19. Bxf1 Nxe5 20. Qh5 d4 21. Ne4 Qd5 22. Bg2 c5 23. Bg5 Nd3 24. Qe2 Qe6 25. Rf1 Nd6 26. Nxd6 Qxe2 27. Nxb7 Ne1 0-1

[Event "CZE-chT2E 1718"]
[Site "Czech Republic"]
[Date "2017.12.03"]
[Round "4.5"]
[White "Hodovsky, Jiri"]
[Black "Zvardon, Petr"]
[Result "1-0"]
[WhiteElo "2090"]
[BlackElo "2007"]
[PlyCount "89"]
[EventDate "2017.10.15"]
[EventType "team-tourn"]
[EventRounds "11"]
[EventCountry "CZE"]
[SourceTitle "EXT 2022"]
[Source "ChessBase"]
[SourceDate "2021.10.06"]
[SourceVersion "1"]
[SourceVersionDate "2021.10.06"]
[SourceQuality "1"]
[WhiteTeam "Zlin"]
[BlackTeam "Vsetin"]
[WhiteTeamCountry "CZE"]
[BlackTeamCountry "CZE"]

1. Nf3 Nf6 2. g3 g6 3. Bg2 Bg7 4. 0-0 0-0 5. d4 d5 6. c4 c6 7. Qb3 Qb6 8. c5 Qxb3 9. axb3 Bf5 10. Nc3 Na6 11. Bf4 Ne4 12. Rfc1 h6 13. Ne5 Bxe5 14. Bxe5 f6 15. Bf4 g5 16. Be3 Nxc3 17. bxc3 Nc7 18. f3 Bg6 19. Bf2 a6 20. e4 Rad8 21. Re1 dxe4 22. fxe4 Rd7 23. Rad1 e6 24. c4 Rfd8 25. g4 e5 26. d5 Ne6 27. Ra1 Nf4 28. Bf3 Kg7 29. Be3 cxd5 30. cxd5 Nd3 31. Red1 Nf4 32. Rdc1 Bf7 33. c6 bxc6 34. Rxc6 Rb8 35. Bd1 Rb4 36. Rc4 Rdb7 37. Bd2 Rxc4 38. bxc4 Rb2 39. Bxf4 gxf4 40. c5 Rb4 41. Bf3 h5 42. Rc1 Be8 43. c6 Rb3 44. Bd1 Rd3 45. Ba4 1-0

[Event "CZE-chT rap"]
[Site "Pardubice"]
[Date "2017.07.14"]
[Round "2.3"]
[White "Vokac, Marek"]
[Black "Hodovsky, Jiri"]
[Result "1-0"]
[WhiteElo "2412"]
[BlackElo "2089"]
[PlyCount "69"]
[EventDate "2017.07.13"]
[EventType "team-swiss"]
[EventRounds "7"]
[EventCountry "CZE"]
[SourceTitle "EXT 2018"]
[Source "ChessBase"]
[SourceDate "2017.10.13"]
[SourceVersion "1"]
[SourceVersionDate "2017.10.13"]
[SourceQuality "1"]
[WhiteTeam "Turnov Zikuda"]
[BlackTeam "Zlin"]
[WhiteTeamCountry "CZE"]
[BlackTeamCountry "CZE"]

1. d4 d5 2. c4 c6 3. Nf3 Nf6 4. Nc3 dxc4 5. a4 Bg4 6. Ne5 Bh5 7. Nxc4 e6 8. Qb3 Na6 9. Bg5 Nb4 10. Rd1 a5 11. f3 Be7 12. e4 Nd7 13. Be3 Bh4+ 14. Ke2 0-0 15. g3 Bg5 16. h4 Bxe3 17. Nxe3 h6 18. Kf2 Qe7 19. Rd2 e5 20. Nf5 Qf6 21. dxe5 Nc5 22. exf6 Nxb3 23. fxg7 Rfd8 24. Rxd8+ Rxd8 25. Be2 Rd2 26. Rd1 Nd3+ 27. Ke3 Rxd1 28. Bxd1 Ndc5 29. Nxh6+ Kxg7 30. Nf5+ Kf6 31. g4 Bg6 32. g5+ Ke6 33. h5 Bxf5 34. exf5+ Kxf5 35. h6 1-0

[Event "CZE-chT1E 1617"]
[Site "Czech Republic"]
[Date "2017.03.26"]
[Round "10.5"]
[White "Maly, Marek1111"]
[Black "Hodovsky, Jiri"]
[Result "1-0"]
[WhiteElo "2196"]
[BlackElo "2090"]
[PlyCount "127"]
[EventDate "2016.10.16"]
[EventType "team-tourn"]
[EventRounds "11"]
[EventCountry "CZE"]
[SourceTitle "CBM 177 Extra"]
[Source "ChessBase"]
[SourceDate "2017.04.27"]
[SourceVersion "1"]
[SourceVersionDate "2017.04.27"]
[SourceQuality "1"]
[WhiteTeam "Grygov"]
[BlackTeam "Zlin"]
[WhiteTeamCountry "CZE"]
[BlackTeamCountry "CZE"]

1. d4 Nf6 2. c4 d6 3. Nf3 Nbd7 4. Nc3 g6 5. e4 Bg7 6. Be2 0-0 7. 0-0 e5 8. Re1 c6 9. Rb1 a5 10. Bf1 exd4 11. Nxd4 Nc5 12. f3 Nfd7 13. Be3 Ne5 14. Qd2 Be6 15. Nxe6 fxe6 16. Red1 Nf7 17. Ne2 Qe7 18. b3 d5 19. cxd5 cxd5 20. Rbc1 b6 21. exd5 exd5 22. Nf4 d4 23. Bxd4 Rad8 24. Qf2 Bxd4 25. Rxd4 Rxd4 26. Qxd4 Qe5 27. Qxe5 Nxe5 28. Nd5 Ncd7 29. Rc7 Nf6 30. Nxb6 Rd8 31. Rc8 Rxc8 32. Nxc8 Kf8 33. Kf2 Nd5 34. Nd6 Nb4 35. Nb7 Nxa2 36. Nxa5 Ke7 37. Ke3 Nb4 38. Kd4 Nd7 39. Nc4 g5 40. Ne3 Kd6 41. Bb5 Nf6 42. Nc4+ Ke7 43. Ne3 Kd6 44. g3 h5 45. Kc4 Nbd5 46. Nxd5 Nxd5 47. Kd4 h4 48. Bc4 Nf6 49. gxh4 gxh4 50. h3 Nd7 51. Ke4 Kc5 52. f4 Nb6 53. Ke5 Nd7+ 54. Ke6 Nf8+ 55. Kf7 Nd7 56. Ke7 Nb8 57. f5 Nc6+ 58. Kd7 Ne5+ 59. Ke6 Nf3 60. f6 Ng5+ 61. Kf5 Nh7 62. Kg6 Nf8+ 63. Kf7 Nd7 64. Ke7 1-0

[Event "CZE-chT1E 1617"]
[Site "Czech Republic"]
[Date "2017.03.05"]
[Round "9.2"]
[White "Hodovsky, Jiri"]
[Black "Mudrak, Josef"]
[Result "0-1"]
[WhiteElo "2090"]
[BlackElo "2299"]
[PlyCount "112"]
[EventDate "2016.10.16"]
[EventType "team-tourn"]
[EventRounds "11"]
[EventCountry "CZE"]
[SourceTitle "CBM 177 Extra"]
[Source "ChessBase"]
[SourceDate "2017.04.27"]
[SourceVersion "1"]
[SourceVersionDate "2017.04.27"]
[SourceQuality "1"]
[WhiteTeam "Zlin"]
[BlackTeam "Kromeriz"]
[WhiteTeamCountry "CZE"]
[BlackTeamCountry "CZE"]

1. d4 Nf6 2. Bg5 g6 3. Bxf6 exf6 4. Nf3 d5 5. e3 Be6 6. Be2 Be7 7. 0-0 c6 8. c3 h5 9. Nbd2 f5 10. Ne5 Nd7 11. f4 Nxe5 12. fxe5 Bg5 13. Rf3 f6 14. exf6 Bxf6 15. Bd3 Qe7 16. Qf1 0-0-0 17. b4 Kb8 18. Nb3 Bc8 19. Re1 Qd6 20. a4 Rh7 21. Re2 Re7 22. e4 dxe4 23. Bxe4 Bg5 24. Bd3 Rde8 25. Rxe7 Rxe7 26. Qf2 Be6 27. Na5 Bd5 28. Qg3 Qxg3 29. Rxg3 Be3+ 30. Kf1 g5 31. Nc4 Bf4 32. Rh3 h4 33. g3 Bc7 34. Kf2 f4 35. gxf4 Bxf4 36. Bf1 Be6 37. Rf3 Bg4 38. Rxf4 gxf4 39. Ne5 Bh5 40. a5 Kc7 41. Bd3 Rg7 42. Be4 h3 43. a6 bxa6 44. Bxc6 f3 45. Bxf3 Bxf3 46. Nxf3 Kb6 47. Ke3 a5 48. bxa5+ Kxa5 49. d5 Kb6 50. Kd4 a5 51. Ne5 Rg2 52. c4 Rxh2 53. c5+ Kb5 54. d6 Rd2+ 55. Ke3 Rd1 56. Nd3 Rxd3+ 0-1

[Event "CZE-chT2E 1617"]
[Site "Czech Republic"]
[Date "2017.01.29"]
[Round "7.6"]
[White "Sremanak, Slavomir"]
[Black "Hodovsky, Jiri"]
[Result "0-1"]
[WhiteElo "2156"]
[BlackElo "2090"]
[PlyCount "102"]
[EventDate "2016.09.10"]
[EventType "team-tourn"]
[EventRounds "11"]
[EventCountry "CZE"]
[SourceTitle "EXT 2022"]
[Source "ChessBase"]
[SourceDate "2021.10.06"]
[SourceVersion "1"]
[SourceVersionDate "2021.10.06"]
[SourceQuality "1"]
[WhiteTeam "Prusanky Podluzan"]
[BlackTeam "Hostalkova"]
[WhiteTeamCountry "CZE"]
[BlackTeamCountry "CZE"]

1. e4 e5 2. Nf3 Nc6 3. Bc4 Nf6 4. d3 Be7 5. Nc3 d6 6. h3 Na5 7. Qe2 Nxc4 8. dxc4 c6 9. 0-0 Qc7 10. a4 a5 11. Bg5 h6 12. Be3 Be6 13. b3 Nd7 14. Nd5 cxd5 15. cxd5 Bxh3 16. gxh3 0-0 17. Kh2 f5 18. Rg1 f4 19. Bc1 Rac8 20. c4 Nc5 21. Rb1 Qd7 22. Ba3 b6 23. Rg6 Rf6 24. Rxf6 Bxf6 25. Nd2 Kh7 26. Qg4 Qxg4 27. hxg4 Kg6 28. Kg2 Kf7 29. b4 axb4 30. Rxb4 Bd8 31. Rb5 Ra8 32. Bxc5 bxc5 33. Rb7+ Be7 34. Nb3 Rxa4 35. Nxc5 dxc5 36. d6 Rxc4 37. Rxe7+ Kf6 38. Rc7 Rxe4 39. Rxc5 Rd4 40. Rc6 Kg5 41. f3 Kh4 42. Kf2 e4 43. fxe4 Kxg4 44. Rc7 Rd2+ 45. Ke1 Rxd6 46. Rxg7+ Kf3 47. Re7 Ra6 48. e5 Ke3 49. Rd7 f3 50. Rd1 Rg6 51. Kf1 f2 0-1

[Event "CZE-chT2F 1516"]
[Site "Czech Republic"]
[Date "2016.04.03"]
[Round "10.66"]
[White "Dostal, Radim"]
[Black "Hodovsky, Jiri"]
[Result "1-0"]
[WhiteElo "2057"]
[BlackElo "2099"]
[PlyCount "49"]
[EventDate "2015.10.18"]
[EventType "team-tourn"]
[EventRounds "11"]
[EventCountry "CZE"]
[SourceTitle "EXT 2022"]
[Source "ChessBase"]
[SourceDate "2021.10.06"]
[SourceVersion "1"]
[SourceVersionDate "2021.10.06"]
[SourceQuality "1"]
[WhiteTeam "Poruba Slavoj II"]
[BlackTeam "Hostalkova"]
[WhiteTeamCountry "CZE"]
[BlackTeamCountry "CZE"]

1. e4 e5 2. Nf3 Nc6 3. Bc4 Nf6 4. d4 exd4 5. e5 d5 6. Bb5 Ne4 7. Nxd4 Bc5 8. Be3 0-0 9. Bxc6 bxc6 10. 0-0 Qe8 11. Re1 Qxe5 12. Nxc6 Qxb2 13. Bxc5 Nxc5 14. Qxd5 Bb7 15. Nd2 Qb6 16. Ne7+ Kh8 17. Qh5 g6 18. Qh4 Kg7 19. Qd4+ f6 20. Nc4 Qb5 21. Rab1 Rad8 22. Qxd8 Qxc4 23. Qxc7 Rf7 24. Rxb7 Qc3 25. Nf5+ 1-0

[Event "CZE-chT2F 1516"]
[Site "Czech Republic"]
[Date "2015.10.18"]
[Round "1.56"]
[White "Machalik, Marek"]
[Black "Hodovsky, Jiri"]
[Result "1/2-1/2"]
[WhiteElo "1907"]
[BlackElo "2099"]
[PlyCount "63"]
[EventDate "2015.10.18"]
[EventType "team-tourn"]
[EventRounds "11"]
[EventCountry "CZE"]
[SourceTitle "EXT 2022"]
[Source "ChessBase"]
[SourceDate "2021.10.06"]
[SourceVersion "1"]
[SourceVersionDate "2021.10.06"]
[SourceQuality "1"]
[WhiteTeam "Postoupky"]
[BlackTeam "Hostalkova"]
[WhiteTeamCountry "CZE"]
[BlackTeamCountry "CZE"]

1. e4 c5 2. Nc3 Nc6 3. f4 e6 4. Nf3 d5 5. e5 Nge7 6. d4 Nf5 7. Ne2 Qb6 8. c3 h5 9. Qb3 c4 10. Qxb6 axb6 11. Ng3 b5 12. Nxf5 exf5 13. Bd2 b4 14. Be2 Be6 15. 0-0 b5 16. cxb4 Bxb4 17. Bxb4 Nxb4 18. a3 Nc6 19. Kf2 Ke7 20. Ke3 Rhb8 21. Rfd1 b4 22. axb4 Nxb4 23. Rxa8 Rxa8 24. Rb1 Bd7 25. Ne1 g6 26. Kd2 Bb5 27. Kc3 Na2+ 28. Kd2 c3+ 29. bxc3 Bxe2 30. Rb7+ Ke8 31. Kxe2 Nxc3+ 32. Kd3 1/2-1/2

[Event "CZE-chT2E 1415"]
[Site "Czech Republic"]
[Date "2015.03.15"]
[Round "9.2"]
[White "Uhmann, Jan"]
[Black "Hodovsky, Jiri"]
[Result "1/2-1/2"]
[WhiteElo "2085"]
[BlackElo "2161"]
[PlyCount "63"]
[EventDate "2014.11.02"]
[EventType "team-tourn"]
[EventRounds "11"]
[EventCountry "CZE"]
[SourceTitle "EXT 2022"]
[Source "ChessBase"]
[SourceDate "2021.10.06"]
[SourceVersion "1"]
[SourceVersionDate "2021.10.06"]
[SourceQuality "1"]
[WhiteTeam "Hustopece"]
[BlackTeam "Zlin II"]
[WhiteTeamCountry "CZE"]
[BlackTeamCountry "CZE"]

1. d4 d5 2. c4 c6 3. Nf3 Nf6 4. Bg5 Ne4 5. Bf4 e6 6. cxd5 cxd5 7. Nbd2 Nc6 8. e3 Bb4 9. a3 Bxd2+ 10. Nxd2 Nxd2 11. Qxd2 0-0 12. Bd3 f5 13. b4 Rf7 14. 0-0 a6 15. a4 g5 16. Bg3 Qf8 17. b5 Nb4 18. Be5 Nxd3 19. Qxd3 Bd7 20. b6 Qe8 21. Qa3 Rc8 22. Rfc1 Rc4 23. a5 Bb5 24. f4 g4 25. Rxc4 dxc4 26. Rc1 Qc6 27. Qc5 Qxc5 28. dxc5 Kf8 29. Kf2 Ke8 30. Rd1 Bc6 31. Rd6 Bd5 32. g3 1/2-1/2

[Event "CZE-chT2E 1415"]
[Site "Czech Republic"]
[Date "2015.02.08"]
[Round "7.2"]
[White "Bednar, Jaromir"]
[Black "Hodovsky, Jiri"]
[Result "1-0"]
[WhiteElo "2249"]
[BlackElo "2161"]
[PlyCount "67"]
[EventDate "2014.11.02"]
[EventType "team-tourn"]
[EventRounds "11"]
[EventCountry "CZE"]
[SourceTitle "EXT 2022"]
[Source "ChessBase"]
[SourceDate "2021.10.06"]
[SourceVersion "1"]
[SourceVersionDate "2021.10.06"]
[SourceQuality "1"]
[WhiteTeam "Dalesice Pivovar"]
[BlackTeam "Zlin II"]
[WhiteTeamCountry "CZE"]
[BlackTeamCountry "CZE"]

1. e4 e5 2. Nf3 Nc6 3. Nc3 Nf6 4. d4 Bb4 5. Nxe5 Qe7 6. Nxc6 Qxe4+ 7. Be2 dxc6 8. 0-0 Qg6 9. Bd3 Qg4 10. Re1+ Be7 11. Qxg4 Bxg4 12. Bf4 Rc8 13. Bc4 Rd8 14. Be5 0-0 15. Bxc7 Rxd4 16. Rxe7 Rxc4 17. Be5 Nd7 18. b3 Rc5 19. Bd4 Ra5 20. f3 Be6 21. b4 Rg5 22. Re1 Rd8 23. f4 Rg4 24. h3 Rxf4 25. Bxg7 Rc4 26. Nd1 Rxc2 27. Bh6 Nf8 28. Ne3 Rxa2 29. Ng4 Ng6 30. Nf6+ Kh8 31. R1xe6 Nxe7 32. Rxe7 a5 33. Rxf7 Rg8 34. Rxh7# 1-0

[Event "CZE-chT2E 1415"]
[Site "Czech Republic"]
[Date "2014.11.30"]
[Round "3.4"]
[White "Hodovsky, Jiri"]
[Black "Kocab, Jan"]
[Result "1/2-1/2"]
[WhiteElo "2161"]
[BlackElo "1995"]
[PlyCount "28"]
[EventDate "2014.11.02"]
[EventType "team-tourn"]
[EventRounds "11"]
[EventCountry "CZE"]
[SourceTitle "EXT 2022"]
[Source "ChessBase"]
[SourceDate "2021.10.06"]
[SourceVersion "1"]
[SourceVersionDate "2021.10.06"]
[SourceQuality "1"]
[WhiteTeam "Zlin II"]
[BlackTeam "Prusanky Podluzan"]
[WhiteTeamCountry "CZE"]
[BlackTeamCountry "CZE"]

1. f4 d6 2. Nf3 g6 3. d4 Bg7 4. e3 Nd7 5. c3 c5 6. Be2 Ngf6 7. 0-0 0-0 8. Qe1 a6 9. Bd1 b5 10. e4 Bb7 11. e5 Ne4 12. Nbd2 f5 13. Nxe4 Bxe4 14. Ng5 Bd5 1/2-1/2

[Event "CZE-chT1E 1415"]
[Site "Czech Republic"]
[Date "2014.11.09"]
[Round "2.7"]
[White "Hodovsky, Jiri"]
[Black "Hlavacek, Robert"]
[Result "1/2-1/2"]
[WhiteElo "2161"]
[BlackElo "2205"]
[PlyCount "22"]
[EventDate "2014.10.19"]
[EventType "team-tourn"]
[EventRounds "11"]
[EventCountry "CZE"]
[SourceTitle "EXT 2015"]
[Source "ChessBase"]
[SourceDate "2014.11.20"]
[SourceVersion "1"]
[SourceVersionDate "2014.11.20"]
[SourceQuality "1"]
[WhiteTeam "Zlin"]
[BlackTeam "Chrudim"]
[WhiteTeamCountry "CZE"]
[BlackTeamCountry "CZE"]

1. Nf3 d5 2. g3 Nf6 3. Bg2 g6 4. 0-0 Bg7 5. d4 0-0 6. Bf4 c5 7. c3 Qb6 8. Qb3 Nc6 9. Nbd2 Re8 10. Qxb6 axb6 11. e3 Bf5 1/2-1/2

[Event "CZE-chT2E 1415"]
[Site "Czech Republic"]
[Date "2014.11.02"]
[Round "1.4"]
[White "Hodovsky, Jiri"]
[Black "Pakosta, Miroslav"]
[Result "1-0"]
[WhiteElo "2161"]
[BlackElo "2094"]
[PlyCount "59"]
[EventDate "2014.11.02"]
[EventType "team-tourn"]
[EventRounds "11"]
[EventCountry "CZE"]
[SourceTitle "EXT 2022"]
[Source "ChessBase"]
[SourceDate "2021.10.06"]
[SourceVersion "1"]
[SourceVersionDate "2021.10.06"]
[SourceQuality "1"]
[WhiteTeam "Zlin II"]
[BlackTeam "Brno Vinohrady"]
[WhiteTeamCountry "CZE"]
[BlackTeamCountry "CZE"]

1. e4 c5 2. c3 e5 3. Nf3 Nc6 4. Bc4 Bd6 5. d4 Nf6 6. 0-0 0-0 7. Bg5 Qe7 8. Nh4 g6 9. f4 cxd4 10. cxd4 exf4 11. Nc3 Qd8 12. Nd5 Be7 13. Nxe7+ Qxe7 14. Rxf4 Qb4 15. Bxf6 Qxc4 16. Nf5 h5 17. Ng7 d5 18. Nxh5 Nxd4 19. Bxd4 gxh5 20. Rc1 Qb4 21. exd5 f6 22. Qxh5 Qe7 23. d6 Qf7 24. Qh4 Qd5 25. Qg3+ Qg5 26. Rxc8 Raxc8 27. Rg4 Rc1+ 28. Kf2 Kh7 29. Rxg5 fxg5+ 30. Ke2 1-0

[Event "CZE-chT rap"]
[Site "Pardubice"]
[Date "2014.07.11"]
[Round "2.3"]
[White "Hodovsky, Jiri"]
[Black "Kulhanek, Tomas"]
[Result "1-0"]
[WhiteElo "2149"]
[BlackElo "2335"]
[PlyCount "103"]
[EventDate "2014.07.10"]
[EventType "team-swiss"]
[EventRounds "7"]
[EventCountry "CZE"]
[SourceTitle "CBM 161 Extra"]
[Source "ChessBase"]
[SourceDate "2014.08.29"]
[SourceVersion "1"]
[SourceVersionDate "2014.08.29"]
[SourceQuality "1"]

1. e4 d6 2. d4 Nf6 3. Nc3 g6 4. Be3 c6 5. h3 Nbd7 6. Nf3 Qc7 7. Bd3 Bg7 8. Qd2 0-0 9. Bh6 e5 10. Bxg7 Kxg7 11. dxe5 dxe5 12. 0-0 Nc5 13. Qe3 b6 14. Rfe1 h6 15. Bf1 Be6 16. b4 Ncd7 17. Rad1 Rfd8 18. a3 Nf8 19. Rxd8 Rxd8 20. Rd1 Rxd1 21. Nxd1 b5 22. Qc3 Nxe4 23. Qxe5+ Qxe5 24. Nxe5 Bd5 25. Ne3 Nc3 26. Nxd5 cxd5 27. Nc6 Ne6 28. Nxa7 Nd4 29. Bd3 Kf6 30. f4 g5 31. g3 gxf4 32. gxf4 Nde2+ 33. Bxe2 Nxe2+ 34. Kf2 Nxf4 35. Nxb5 Nxh3+ 36. Ke3 Ke5 37. a4 f5 38. a5 f4+ 39. Ke2 Ng5 40. a6 f3+ 41. Ke3 d4+ 42. Nxd4 f2 43. Kxf2 Ne4+ 44. Ke3 Nc3 45. a7 Nd5+ 46. Kd3 Nb6 47. c4 Na8 48. b5 Kd6 49. Nb3 Kc7 50. c5 h5 51. Ke3 Kb7 52. b6 1-0